Govt. of
Madhya Pradesh

Parliamentary wit & humour (Record no. 69048)

MARC details
000 -LEADER
fixed length control field 00392nam a22001577a 4500
003 - CONTROL NUMBER IDENTIFIER
control field MACL
005 - DATE AND TIME OF LATEST TRANSACTION
control field 20260410155857.0
008 - FIXED-LENGTH DATA ELEMENTS--GENERAL INFORMATION
fixed length control field 260410b |||||||| |||| 00| 0 eng d
040 ## - CATALOGING SOURCE
Transcribing agency MACL
082 ## - DEWEY DECIMAL CLASSIFICATION NUMBER
Classification number 328/KAS
100 ## - MAIN ENTRY--PERSONAL NAME
Personal name Kashyap, c. subhash
9 (RLIN) 1564
245 ## - TITLE STATEMENT
Title Parliamentary wit & humour
260 ## - PUBLICATION, DISTRIBUTION, ETC. (IMPRINT)
Place of publication, distribution, etc. New delhi
Name of publisher, distributor, etc. Shipra
Date of publication, distribution, etc. 1991
650 ## - SUBJECT ADDED ENTRY--TOPICAL TERM
Topical term or geographic name as entry element Indian parliament
9 (RLIN) 84027
942 ## - ADDED ENTRY ELEMENTS (KOHA)
Source of classification or shelving scheme
Koha item type Books
Holdings
Withdrawn status Lost status Source of classification or shelving scheme Damaged status Not for loan Home library Current library Date acquired Cost, normal purchase price Total Checkouts Full call number Barcode Date last seen Price effective from Koha item type
          MACL MACL 10/04/2026 995.00   328/KAS CRE040490 10/04/2026 10/04/2026 Books